Técnicas de producción para el cultivo protegido de tomates: en una realidad sin Bromuro de Metilo en Chile
Saved in:
| Main Authors: | , |
|---|---|
| 格式: | 圖書 |
| 語言: | 西班牙语 |
| 出版: |
Santiago
Ministerio del Medio Ambiente
2014
|
| 版: | 1a. ed |
| 主題: | |
| 標簽: |
添加標簽
沒有標簽, 成為第一個標記此記錄!
|
MARC
| LEADER | 00000cam a2200000 a 4500 | ||
|---|---|---|---|
| 001 | UCE6100 | ||
| 003 | CL-VaPUC | ||
| 008 | 150319e20141100cl |||||||||||||||||spa|d | ||
| 082 | 0 | 4 | |a 635.642 |b MIN |2 21 |
| 100 | 0 | |a Ministerio del Medio Ambiente |e author |9 578772 | |
| 700 | 0 | |a Organización de las Naciones Unidas para el Desarrollo |e author |9 578773 | |
| 245 | 1 | 0 | |a Técnicas de producción para el cultivo protegido de tomates: en una realidad sin Bromuro de Metilo en Chile |
| 250 | |a 1a. ed | ||
| 300 | |a 153 p | ||
| 942 | |c BK | ||
| 945 | |d 20150319 12:57:00 |a arojas | ||
| 260 | |a Santiago |b Ministerio del Medio Ambiente |c 2014 | ||
| 500 | |a Vivero: plantas injertadas. Big plant. Sistemas o técnicas de producción de tomate con plantas injertadas. Sistema enarenado. Biodesinfección | ||
| 650 | 7 | |a TOMATE |2 CL-VaPUC |9 264158 | |
| 650 | 7 | |a TECNICAS DE PRODUCCION |2 CL-VaPUC |9 352706 | |
| 650 | 7 | |a CULTIVO PROTEGIDO |2 CL-VaPUC |9 473953 | |
| 650 | 0 | |a Bromuro de metilo |9 403606 | |
| 651 | 7 | |a CHILE |2 CL-VaPUC |9 578774 | |
| 583 | |a last modification |c 20170807 03:43:12 |k Rodrigo Vera | ||
| 999 | |c 358559 |d 358557 | ||
| 952 | |0 0 |1 0 |3 erb |4 0 |6 635_642000000000000_MIN_2014 |7 0 |8 A |9 467345 |a BIBAGR |b BIBAGR |i 5142253 |l 4 |m 3 |o 635.642 MIN 2014 |p 5142253 |r 2025-03-20 |s 2025-03-20 |w 2019-11-23 |y BK |z Catalogado en:20150319 |k AGR | ||
| 952 | |0 0 |1 0 |3 erb |4 0 |6 635_642000000000000_MIN_2014 |7 0 |8 A |9 467346 |a BIBAGR |b BIBAGR |i 5142261 |o 635.642 MIN 2014 |p 5142261 |r 2025-01-20 |w 2019-11-23 |y BK |z Catalogado en:20150319 |k AGR | ||
| 952 | |0 0 |1 0 |3 erb |4 0 |6 635_642000000000000_MIN_2014 |7 0 |8 A |9 467347 |a BIBAGR |b BIBAGR |i 514227K |l 2 |o 635.642 MIN 2014 |p 514227K |r 2025-01-20 |s 2023-09-14 |w 2019-11-23 |y BK |z Catalogado en:20150319 |k AGR | ||
| 952 | |0 0 |1 0 |3 erb |4 0 |6 635_642000000000000_MIN_2014 |7 0 |8 A |9 467348 |a BIBAGR |b BIBAGR |i 5142288 |o 635.642 MIN 2014 |p 5142288 |r 2025-01-20 |w 2019-11-23 |y BK |z Catalogado en:20150319 |k AGR | ||